MARC

LEADER 00000nam0a2200000 4500
001 90426
005 20231031103507.0
035 |a (RuTPU)RU\TPU\book\96967 
090 |a 90426 
100 |a 20060209d1980 k y0rusy50 ca 
101 0 |a rus 
102 |a RU 
105 |a a z 001zy 
200 1 |a Металловедение стали и титановых сплавов  |e межвузовский сборник научных трудов  |f Пермский политехнический институт; гл. ред. Н. Н. Липчин 
210 |a Пермь  |c Изд-во Пермского политехнического ун-та  |d 1980 
215 |a 168 с.  |c ил. 
320 |a Библиогр. в конце ст. 
610 1 |a сталь 
610 1 |a титановые сплавы 
610 1 |a металловедение 
610 1 |a научные статьи 
610 1 |a структурные превращения 
610 1 |a фазовые превращения 
610 1 |a конструктивная прочность 
610 1 |a упрочнение 
610 1 |a термическая обработка 
610 1 |a химико-термическая обработка 
675 |a 669.14.017.3  |v 3 
675 |a 669.295.5  |v 3 
702 1 |a Липчин  |b Н. Н.  |4 340 
712 0 2 |a Пермский политехнический институт  |2 stltpush  |3 (RuTPU)RU\TPU\col\7911 
801 1 |a RU  |b 63413507  |c 20060209  |g PSBO 
801 2 |a RU  |b 63413507  |c 20151113  |g PSBO 
942 |c BK